Les Meilleurs buteurs de la Premier League 2024-2025 - Statistiques

Statistiques générales
  • Ce quiz a été pris 92 fois
  • Le résultat moyen est 8 sur 11
Statistiques - réponses
Buts Nationalité Club Joueur % Correct
29 Égypte Liverpool FC Mohamed Salah
100%
22 Norvège Manchester City Erling Haaland
99%
23 Suède Newcastle United Alexander Isak
97%
15 Angleterre Chelsea FC Cole Palmer
83%
14 France Crystal Palace Jean-Philippe Mateta
77%
16 Angleterre Aston Villa Ollie Watkins
76%
20 Cameroun Brentford FC Bryan Mbeumo
72%
20 Nouvelle-Zélande Nottingham Forest Chris Wood
66%
15 Brésil Wolverhampton Wanderers Matheus Cunha
66%
19 République démocratique du Congo Brentford FC Yoane Wissa
56%
14 Norvège Wolverhampton Wanderers Jørgen Strand Larsen
31%
Aucun quiz correspondant
Distribution des résultats
% des personnes avec chaque résultat
Percentile par nombre de réponses
Votre historique - résultats
Vous n’avez pas pris ce quiz